000
00306nam a22001217a 4500
020
_a
0-906041-11-2
082
_a
954.9045 KHA'F
100
_a
KHAN, M. ASGHAR
_9
76441
245
_a
THE FIRST ROUND INDO PAK WAR 1965
260
_a
LONDON
_b
ISLAMOC INFORMATION SERVICES
_c
1979
300
_a
146P
942
_c
BK
999
_c
581840
_d
581840